Protection of investors and shareholders: A critical study of role of SEBI (Record no. 125631)

MARC details
000 -LEADER
fixed length control field 00399nam a2200145Ia 4500
008 - FIXED-LENGTH DATA ELEMENTS--GENERAL INFORMATION
fixed length control field 230917s9999||||xx |||||||||||||| ||und||
040 ## - CATALOGING SOURCE
-- 207100
Original cataloging agency VIVEKANANDA LIBRARY
041 ## - Language
-- English
082 ## - DDC NUMBER
Classification number 340 S73T
100 ## - MAIN ENTRY--PERSONAL NAME
Personal name Sunil Kumar
245 #0 - TITLE STATEMENT
Title Protection of investors and shareholders: A critical study of role of SEBI
260 ## - PUBLICATION, DISTRIBUTION, ETC. (IMPRINT)
Place of publication, distribution, etc Rohtak
Name of publisher, distributor, etc M.D.University
Date of publication, distribution, etc 2011
300 ## - PHYSICAL DESCRIPTION
Pages lxxi,500 p.
942 ## - ADDED ENTRY ELEMENTS (KOHA)
Koha item type Thesis
Holdings
Withdrawn status Lost status Damaged status Not for loan Location (home branch) Sublocation or collection (holding branch) Date acquired Koha issues (times borrowed) Koha full call number Accession No. Koha date last seen Koha item type
        VIVEKANANDA LIBRARY VIVEKANANDA LIBRARY 04/06/2013   340 S73T 221588 17/09/2023 Thesis
© Designed and Maintained by Vivekananda Library, MDU Rohtak